Analysis and projection of educational expenditures in Latin America /

সংরক্ষণ করুন:
গ্রন্থ-পঞ্জীর বিবরন
প্রধান লেখক: Muñoz Izquierdo, Carlos
অন্যান্য লেখক: Restrepo de Cepeda, Patricia, Hernández Medina, Alberto, Nuñez, Maria de los Angeles, Ramos, Lourdes
বিন্যাস: পাঠ‍্য
ট্যাগগুলো: ট্যাগ যুক্ত করুন
কোনো ট্যাগ নেই, প্রথমজন হিসাবে ট্যাগ করুন!

MARC

LEADER 00000 a a2200000 04500
001 45648
003
040
100 |a Muñoz Izquierdo, Carlos  
245 |a Analysis and projection of educational expenditures in Latin America /  |c Carlos Muñoz Izquierdo, Patricia Restrepo de Cepeda con la asistencia de Alberto Hernández Medina, Maria de los Angeles Nuñez y Lourdes Ramos  
700 |a Restrepo de Cepeda, Patricia  
700 |a Hernández Medina, Alberto  
700 |a Nuñez, Maria de los Angeles  
700 |a Ramos, Lourdes  
773 |g páginas 81-121 : tablas  
999 |c 40188  |d 40188